00772nam a22002171 450000100060000000300090000600500170001500800410003203500180007304000230009104100080011408200220012211000680014424500890021226000500030130000260035150000570037765000320043465000330046683000550049950227BD-RJUL 20211209075458.0160824s1951 xx 000 0 eng  aBD-RJUL 50347 aDLCcODadDLCbeng aeng a332.67bFOR 1951 2 aUnited Nations.bEconomic Commission for Asia and the Far East.10aForeign investment laws and regulations of the countries of Asia and the Far East /  aNew York :bDept. of Economic Affairs,c1951. aviii, 88 p. ;c23 cm. a"United Nations publications. Sales no: 1951.II.F.1. 0aInvestments, ForeignzAsia. 0aCorporations, ForeignzAsia. 0a[Document] (United Nations)vST/ECAFE/1. Jan. 1951